| 000 | 00000nas 2200000zi 4500 |
| 001 | 9.501298 |
| 003 | CaOODSP |
| 005 | 20251210150243 |
| 006 | m o d f |
| 007 | cr cn |||||||| |
| 008 | 150406d19942005oncfr p o f0 b0fre|d |
| 022 | |a1495-2009|y1198-3558 |
| 040 | |aCaOODSP|bfre|erda|cCaOODSP |
| 043 | |an-cn--- |
| 086 | 1 |aC12-16F-PDF |
| 130 | 0 |aMicro (Ottawa, Ont.). |lFrançais. |
| 210 | 0 |aMicro |b(Ott., En ligne) |
| 222 | 0|aMicro |b(Ottawa. En ligne) |
| 245 | 10|aMicro : |bbulletin de recherche microéconomique. |
| 246 | 30|aBulletin de recherche microéconomique |
| 264 | 1|aOttawa (Ontario) : |bIndustrie Canada = Industry Canada, |c[1994-2005] |
| 310 | |aSemestriel |
| 336 | |atexte|btxt|2rdacontent/fre |
| 337 | |ainformatique|bc|2rdamedia/fre |
| 338 | |aressource en ligne|bcr|2rdacarrier/fre |
| 362 | 1 |aParaît depuis : Volume 1, n° 1 (hiver 1994); ne paraît plus après : Volume 10, numéro 1 (hiver/printemps 2005). |
| 500 | |aÉdition numérisée de l'imprimé (livraisons de 1994-1997) [par Innovation, sciences et développement économique Canada]. |
| 500 | |aPublié aussi en anglais sous le titre : Micro. |
| 500 | |aVariantes dans le sous-titre. |
| 520 | 3 |aMicro est un bulletin qui met en lumière les résultats de la recherche micro-économique au Canada. Chaque numéro porte sur un domaine particulier de la recherche et dresse la liste des publications produites par la Direction générale de l'analyse de la politique micro-économique d'Industrie Canada. |
| 588 | |aDescription d'après : Volume 1, n° 1 (hiver 1994); titre de départ du fichier PDF. |
| 588 | |aDernière livraison consultée : Volume 10, numéro 1 (hiver/printemps 2005). |
| 610 | 16|aCanada. |bIndustrie Canada|vPériodiques. |
| 650 | 6|aMicroéconomie|vPériodiques. |
| 650 | 6|aRelations économiques internationales|vPériodiques. |
| 650 | 6|aPolitique scientifique et technique|vCanada|zPériodiques. |
| 655 | 7|aPériodiques|2rvmgf |
| 710 | 1 |aCanada. |bIndustrie Canada. |bDirection générale de l'analyse de la politique micro-économique, |eorganisme de publication. |
| 775 | 08|tMicro : |w(CaOODSP)9.504899 |
| 776 | 0#|tMicro : |w(CaOODSP)9.508051 |